El teorema de Jordan

שמור ב:
מידע ביבליוגרפי
מחבר ראשי: Sebastián, Marcos (Author)
פורמט: ספר
שפה:ספרדית
יצא לאור: Maracaibo Universitaria de la Universidad de Zulia 1977
סדרה:Cursos, Seminarios y Tesis del PEAM, 3
נושאים:
תגים: הוספת תג
אין תגיות, היה/י הראשונ/ה לתייג את הרשומה!

MARC

LEADER 00000nam a2200000 a 4500
001 UCP1596
003 CL-VaPUC
008 990416e19770000VE |||||||||||||||||spa|d
082 0 4 |a 514.2  |b SEB  |2 21 
100 0 |a Sebastián, Marcos  |e author  |9 427734 
245 1 3 |a El teorema de Jordan 
300 |a 105 p 
942 |c BK 
945 |d 19990416 00:00:00  |a crobeson 
260 |a Maracaibo  |b Universitaria de la Universidad de Zulia  |c 1977 
650 7 |a TEOREMA DE JORDAN  |2 CL-VaPUC  |9 427735 
650 0 |a Topología algebraica   |9 269858 
583 |a last modification  |c 19990416 00:00:00  |k Rodrigo Vera 
490 0 |a Cursos, Seminarios y Tesis del PEAM, 3 
999 |c 280263  |d 280261 
952 |0 0  |1 0  |4 0  |6 514_200000000000000_SEB_1977  |7 0  |8 A  |9 320510  |a BIBMAT  |b BIBMAT  |d 2019-11-20  |i 1343238  |o 514.2 SEB 1977  |p 1343238  |r 2025-01-07  |w 2019-11-20  |y BK  |k MAT